Statistics for To, Too or Two

Click here to take the quiz!

General Stats

  • This quiz has been taken 109 times
    (97 since last reset)
  • The average score is 17 of 20

Answer Stats

QuestionAnswer% Correct
__ be or not __ be.To
100%
If you want __ get to Tuva, you'd better start walking.To
99%
In order __ get 100%, you must answer all questions correctly.To
99%
I ate __ many chocolates.Too
99%
__ can play at that game.Two
99%
Twit-twoo, says the owl, at __ o' clock in the morning!Two
98%
I saw __ toucans today.Two
98%
I love tulips, after all, __ lips are better than one.Two
98%
I have __ buy a new tutu for Petunia.To
96%
I love quizzes, I hope you do __Too
96%
It takes __ to TangoTwo
96%
Is it __ much to ask to have two teacakes?Too
95%
That music is __ loud. Turn it down!Too
95%
I have __ tune my tuba.To
89%
Do you like tuna __?Too
87%
I have __ options. No, wait, I have three.Two
83%
I have a meeting at ten __ two on Tuesday.To
55%
You're __ good at this.Too
46%
I have two cats who are five, and five cats who are __ too.Two
46%
"Look __! Treble's going, she's gone."To
35%

Score Distribution

Percentile by Number Answered

Percent of People with Each Score

Your Score History

You have not taken this quiz since the last reset